000 00483nam a2200205Ia 4500
005 20250425162046.0
008 250425s9999 xx 000 0 und d
020 _a0070915946
041 _aspa
082 _a620.78
100 _aHOLMAN, JACK PHILLIP
245 0 _aMETODOS EXPERIMENTALES PARA INGENIEROS
250 _a1 ED
260 _aMEXICO
260 _aMéxico
_bMCGH
_c1977
300 _a447
650 _aINGENIERIA-INSTRUMENTOS
942 _c01
010 _a45047
999 _c221520
_d221520